Normal view
MARC view
- Law enforcement
Entry Topical Term
001 - CONTROL NUMBER
- control field: 95092
003 - CONTROL NUMBER IDENTIFIER
- control field: NUST
005 - DATE AND TIME OF LATEST TRANSACTION
- control field: 20220725203333.0
008 - FIXED-LENGTH DATA ELEMENTS
- fixed length control field: 220725|| aca||aabn | a|a d
040 ## - CATALOGING SOURCE
- Original cataloging agency: NUST
- Transcribing agency: NUST
150 ## - HEADING--TOPICAL TERM
- Topical term or geographic name entry element: Law enforcement
- Geographic subdivision: West (U.S.)
670 ## - SOURCE DATA FOUND
- Source citation: Work cat.: (NUST)0: Enss, Chris, 1961- author. 95090, Principles of posse management :
